Financial Management (Record no. 5542)

MARC details
000 -LEADER
fixed length control field 00327nam a2200145Ia 4500
008 - FIXED-LENGTH DATA ELEMENTS--GENERAL INFORMATION
fixed length control field 191201s2012 xx 000 0 und d
082 ## - DEWEY DECIMAL CLASSIFICATION NUMBER
Classification number 658.15
Item number SRF
100 ## - MAIN ENTRY--PERSONAL NAME
Personal name SRIVASTAVA,Rajiv
245 #0 - TITLE STATEMENT
Title Financial Management
250 ## - EDITION STATEMENT
Edition statement IMP
260 ## - PUBLICATION, DISTRIBUTION, ETC. (IMPRINT)
Place of publication, distribution, etc N. Delhi
Name of publisher, distributor, etc Oxford
Date of publication, distribution, etc 2012
300 ## - PHYSICAL DESCRIPTION
Extent 816
650 ## - SUBJECT ADDED ENTRY--TOPICAL TERM
Topical term or geographic name as entry element BBA
942 ## - ADDED ENTRY ELEMENTS (KOHA)
Source of classification or shelving scheme Dewey Decimal Classification
Koha item type Text Books
Holdings
Withdrawn status Lost status Source of classification or shelving scheme Damaged status Not for loan Collection code Home library Current library Date acquired Source of acquisition Cost, normal purchase price Bill Number Total Checkouts Full call number Acc. no. / Barcode Date last seen Bill Date Koha item type Date last borrowed Public note
    Dewey Decimal Classification     BBA PIET C-LIBRARY PIET C-LIBRARY 26/02/2013 IBH, New Delhi 655.00 22792   658.15 SRF 21317 04/12/2019 21/02/2013 Text Books    
    Dewey Decimal Classification     BBA PIET C-LIBRARY PIET C-LIBRARY 26/02/2013 IBH, New Delhi 655.00 22792   658.15 SRF 21318 04/12/2019 21/02/2013 Text Books    
    Dewey Decimal Classification     BBA PIET C-LIBRARY PIET C-LIBRARY 26/02/2013 IBH, New Delhi 655.00 22792 2 658.15 SRF 21319 02/12/2025 21/02/2013 Text Books 01/12/2025 .
    Dewey Decimal Classification     BBA PIET C-LIBRARY PIET C-LIBRARY 26/02/2013 IBH, New Delhi 655.00 22792 1 658.15 SRF 21320 14/02/2023 21/02/2013 Text Books 08/02/2023  
    Dewey Decimal Classification     BBA PIET C-LIBRARY PIET C-LIBRARY 26/02/2013 IBH, New Delhi 655.00 22792 1 658.15 SRF 21321 19/07/2022 21/02/2013 Text Books 15/07/2022  
    Dewey Decimal Classification     BBA PIET C-LIBRARY PIET C-LIBRARY 26/02/2013 IBH, New Delhi 655.00 22792   658.15 SRF 21322 04/12/2019 21/02/2013 Text Books    
    Dewey Decimal Classification     BBA PIET C-LIBRARY PIET C-LIBRARY 26/02/2013 IBH, New Delhi 655.00 22792   658.15 SRF 21323 04/12/2019 21/02/2013 Text Books    
    Dewey Decimal Classification     BBA PIET C-LIBRARY PIET C-LIBRARY 26/02/2013 IBH, New Delhi 655.00 22792   658.15 SRF 21324 04/12/2019 21/02/2013 Text Books    

Design & Developed by: PIET Central Library
R70 Miles Stone Pattikalyana Samalkha Panipat 132102
mail ID :- [email protected], Phone No:- 0180-2569700 Ex.216